| 000 | 00850nam a22002297a 4500 | ||
|---|---|---|---|
| 005 | 20180803165628.0 | ||
| 008 | 150121b2010 cn |||||r|||| 00| 0 spa d | ||
| 040 |
_aCO-BoIAVH _cCO-BoIAVH |
||
| 041 | _aspa | ||
| 044 | _ack | ||
| 090 |
_aEA _b00290 |
||
| 245 |
_aDía Internacional de la Diversidad Biológica 22 de Mayo de 2011: _bLa Diversidad Biológica Forestal El Tesoro viviente de la Tierra |
||
| 260 |
_aMontreal : _bSecretaría del Convenio sobre la Diversidad Biológica, _c2010. |
||
| 300 |
_a48 pag _bFot (col) _c21 cm. |
||
| 504 | _aIncluye referencias bibliográficas (pag 46 - 48) | ||
| 650 | 4 |
_aConservación de la diversidad biológica forestal _931838 |
|
| 650 | 4 |
_aReservas forestales _992525 |
|
| 650 |
_aProtección de bosques _931842 |
||
| 650 |
_aRecursos Hídricos _931843 |
||
| 650 |
_aFauna _992594 |
||
| 942 |
_2z _cLIBRO |
||
| 999 |
_c9025 _d9025 |
||